Liste des Pokémon de type Feu - Statistiques

Statistiques générales
  • Ce quiz a été pris 4 605 fois
    548 depuis la dernière actualisation
  • Le résultat moyen est 68 sur 89
Statistiques - réponses
Pokémon % Correct
Dracaufeu / Méga-Dracaufeu X / Méga-Dracaufeu Y
98%
Salamèche
98%
Reptincel
97%
Héricendre
93%
Poussifeu
93%
Braségali / Méga-Braségali
92%
Sulfura
92%
Galifeu
91%
Ouisticram
90%
Typhlosion / Typhlosion de Hisui
90%
Arcanin / Arcanin de Hisui
89%
Caninos / Caninos de Hisui
89%
Chimpenfeu
89%
Simiabraz
89%
Feurisson
88%
Gruikui
88%
Magmar
88%
Roitiflam / Méga-Roitiflam
88%
Félinferno
87%
Feunard
87%
Flamiaou
87%
Goupix
87%
Entei
86%
Feunnec
86%
Grotichon
86%
Galopa
85%
Maganon
85%
Matoufeu
85%
Goupelin / Méga-Goupelin
84%
Magby
84%
Ponyta
84%
Camérupt / Méga-Camérupt
83%
Pyrobut
83%
Pyroli
83%
Reshiram
83%
Heatran / Méga-Heatran
82%
Limagma
82%
Roussil
80%
Volcaropod
80%
Chamallot
79%
Chartor
79%
Flambino
79%
Primo-Groudon
79%
Funécire
78%
Lugulabre / Méga-Lugulabre
78%
Volcanion
78%
Chochodile
77%
Flambusard
77%
Lapyro
77%
Démolosse / Méga-Démolosse
75%
Flâmigator
75%
Malosse
75%
Pyrax
75%
Braisillon
74%
Darumacho / Darumacho de Galar (Mode Transe)
74%
Darumarond
74%
Mélancolux
74%
Arceus (Feu)
73%
Flamajou
73%
Hélionceau
73%
Némélios / Méga-Némélios
73%
Pyronille
73%
Tritox
73%
Ho-Oh
72%
Malamandre
72%
Aflamanoir
71%
Flamoutan
71%
Crocogril
68%
Ossatueur d'Alola
67%
Boumata
66%
Scolocendre
65%
Malvalame
64%
Pierroteknik
64%
Scovilain / Méga-Scovilain
63%
Silvallié (Type : Feu)
63%
Victini
63%
Charbambin
62%
Motisma Chaleur
62%
Wagomine
62%
Grillepattes
61%
Monthracite
61%
Carmadura
60%
Yuyu
55%
Feu-Perçant
54%
Plumeline (Style Flamenco)
54%
Morphéo (Forme Solaire)
52%
Mite-de-Fer
50%
Ogerpon (Masque du Fourneau)
47%
Tauros de Paldea (Race Flamboyante)
36%
Aucun quiz correspondant
Distribution des résultats
% des personnes avec chaque résultat
Percentile par nombre de réponses
Votre historique - résultats
Vous n’avez pas pris ce quiz depuis la dernière actualisation